Statistics for Scrabble "I" Dumps

Click here to take the quiz!

General Stats

  • This quiz has been taken 125 times
  • The average score is 5 of 25

Answer Stats

Answer % Correct
mini
59%
iris
57%
kiwi
45%
ibis
41%
titi
31%
ilia
29%
midi
27%
tipi
25%
pili
23%
ziti
21%
ixia
16%
tiki
16%
inti
15%
inia
15%
bidi
14%
hili
12%
irid
12%
miri
9%
nidi
9%
impi
9%
iwis
8%
liri
8%
nisi
8%
piki
7%
imid
7%

Score Distribution

Percentile by Number Answered

Percent of People with Each Score

Your Score History

You have not taken this quiz